000 01731cam a2200397 a 4500
003 CHAP
005 20220329142141.0
008 000118d1993 mx a r 00100 spa d
010 _a79253
011 _a80225
035 _a90674
040 _cCHAP
090 _aFolleto 15514 (1993)
100 0 0 _aManzanilla, Hugo.
_970827
245 4 _aLos sitios permanentes de investigación silvicola un sistema integrado para iniciarse en el cultivo de los ecosistemas forestales
_c/por Hugo Manzanilla
250 _a2 ed.
260 _aMéxico, D. F. :
_bINIFAP. División Forestal. Centro Nacional de Investigaciones Disciplinarias en Conservación y Mejoramiento de Ecosistemas Forestales
_c1993.
300 _a101 p. :
_bilus.
410 _aINIFAP. División Forestal. Centro Nacional de Investigación Disciplinaria en Conservación y Mejoramiento de Ecosistemas Forestales
490 0 _aBoletín técnico
_v; 116
590 _aBATCH-UPD
_b10
_c20130110
_lUCH01
_h0554
590 _aBATCH-UPD
_b10
_c20130110
_lUCH01
_h2319
590 _aBATCH-UPD
_b10
_c20130410
_lUCH01
_h0235
590 _aBATCH-UPD
_b10
_c20130410
_lUCH01
_h1632
590 _aBATCH-UPD
_b10
_c20130914
_lUCH01
_h0654
590 _aBATCH-UPD
_b10
_c20130914
_lUCH01
_h2141
590 _aCONVERSION
_b10
_c20130109
_lUCH01
_h1344
650 1 4 _aEcosistema.
_935290
650 1 4 _aSilvicultura
_xPublicaciones periódicas.
_9106124
810 0 0 _aINIFAP. División Forestal. Centro Nacional de Investigación Disciplinaria en Conservación y Mejoramiento de Ecosistemas Forestales
_958714
830 0 _aBoletín técnico
_v; 116
_913560
901 _aBK
905 _aLilia Sánchez G.
942 _cFOLL
949 _aFolleto 15514 (1993)
_bBC
_cFOLL
_d906741
_eTS1
_i90674
_sb
999 _c79253
_d79253